Statistics for Shakespeare's Plays Quiz

Click here to take the quiz!

General Stats

  • This quiz has been taken 197,044 times
  • The average score is 15 of 34

Answer Stats

Play% Correct
Romeo and Juliet
94%
Hamlet
89%
Macbeth
83%
A Midsummer Night's Dream
77%
Othello
69%
Henry V
62%
King Lear
59%
Julius Caesar
54%
Tempest
54%
Richard III
54%
Henry VI
53%
Richard II
52%
The Merchant of Venice
52%
Henry IV
51%
The Taming of the Shrew
51%
Much Ado about Nothing
47%
Henry VIII
44%
Twelfth Night
44%
Antony and Cleopatra
38%
As You Like It
35%
The Merry Wives of Windsor
28%
All's Well That Ends Well
28%
The Winter's Tale
26%
Titus Andronicus
25%
King John
25%
Love's Labour's Lost
24%
Two Gentlemen of Verona
23%
Coriolanus
23%
Comedy of Errors
23%
Troilus and Cressida
19%
Cymbeline
18%
Measure for Measure
18%
Pericles
17%
Timon of Athens
16%

Score Distribution

Percentile by Number Answered

Percent of People with Each Score

Your Score History

You have not taken this quiz